000 00305 a2200157 4500
001 175667
020 _a
040 _cMagnum
100 _aSilva, Alina C.
240 1 0 _aO appaloosa
_lpor
245 1 0 _aO appaloosa
362 0 _a1899
440 1 _aFTD
697 _aMAGNITO: I/ANIMAIS
942 _cBK
999 _c175667
_d175667